Statistics for Houston Rockets Leaders Per Year

Click here to take the quiz!

General Stats

  • This quiz has been taken 345 times
    (57 since last reset)
  • The average score is 16 of 52

Answer Stats

Player % Correct
James Harden
100%
Hakeem Olajuwon
95%
Yao Ming
95%
Tracy McGrady
90%
Clint Capela
86%
Chris Paul
86%
Dwight Howard
71%
Kenny Smith
71%
Clyde Drexler
69%
Charles Barkley
62%
Steve Francis
50%
Ralph Sampson
50%
Moses Malone
48%
Trevor Ariza
43%
Rudy Tomjanovich
40%
Vernon Maxwell
33%
Calvin Murphy
33%
Art Williams
29%
Kevin Martin
29%
Elvin Hayes
29%
Luis Scola
29%
Caldwell Jones
26%
Terrence Jones
26%
Shane Battier
26%
Kyle Lowry
26%
Sam Cassell
24%
Cuttino Mobley
24%
Sleepy Floyd
21%
Jeremy Lin
21%
Scottie Pippen
19%
Ron Artest
17%
Robert Reid
17%
Aaron Brooks
17%
Rafer Alston
14%
John Lucas
14%
Omer Asik
12%
Kelvin Cato
12%
Kenny Thomas
12%
Allen Leavell
10%
Rodney McCray
10%
Kevin Kunnert
10%
Mike Newlin
7%
Samuel Dalembert
7%
Rick Barry
7%
Jimmy Walker
5%
Eddie Griffin
5%
Toby Kimball
0%
John Block
0%
Joe Meriweather
0%
Ed Ratleff
0%
Zaid Abdul-Aziz
0%
Larry Siegfried
0%

Score Distribution

Percentile by Number Answered

Percent of People with Each Score

Your Score History

You have not taken this quiz since the last reset